[Event "Madrid ch Sub-16 2021"]
[Site "Madrid ESP"]
[Date "2021.04.23"]
[Round "3.4"]
[White "Ferrando Marti, Roberto"]
[Black "Tenorio Garcia, Joel"]
[Result "1/2-1/2"]
[WhiteElo "1576"]
[BlackElo "1913"]
[PlyCount "188"]
[EventDate "2021.04.17"]
[EventType "swiss"]
[EventRounds "5"]
[EventCountry "ESP"]
[SourceTitle "Ajedrez en Madrid"]
[Source "lmi"]
[SourceDate "2021.04.17"]
[SourceVersion "1"]
[SourceVersionDate "2021.04.29"]
[SourceQuality "1"]

1. Nf3 Nf6 2. g3 g6 3. Bg2 Bg7 4. O-O O-O 5. d4 d5 6. c4 c6 7. cxd5 cxd5 8. Nc3
Ne4 9. Qb3 Nc6 10. Rd1 b6 11. Bf4 Nxc3 12. Qxc3 Na5 13. Rac1 Ba6 14. e3 Rc8 15.
Qb4 Nc4 16. Nd2 Nxd2 17. Qxd2 Qd7 18. Rxc8 Rxc8 19. Rc1 e6 20. Rc3 Bf8 21. Bf1
Bxf1 22. Kxf1 Qb5+ 23. Kg2 Rc4 24. Qc2 Qc6 25. Kf1 Bb4 26. Rxc4 Qxc4+ 27. Qxc4
dxc4 28. Ke2 Kf8 29. Bb8 a6 30. Kd1 Ke7 31. a3 Bd6 32. Bxd6+ Kxd6 33. e4 b5 34.
Kc2 f5 35. f3 h5 36. h3 g5 37. g4 hxg4 38. hxg4 f4 39. Kc3 Kc6 40. a4 a5 41.
d5+ exd5 42. exd5+ Kc5 43. axb5 Kxd5 44. b6 Kc6 45. Kxc4 Kxb6 46. Kd5 Kb5 47.
Ke5 Kb4 48. Kf5 Kb3 49. Kxg5 Kxb2 50. Kxf4 a4 51. g5 a3 52. g6 a2 53. g7 a1=Q
54. g8=Q Qc1+ 55. Ke4 Qe1+ 56. Kf5 Qa5+ 57. Kg6 Qa6+ 58. Kh5 Qb5+ 59. Qg5 Qe8+
60. Kg4 Qd7+ 61. Qf5 Qg7+ 62. Kh5 Qh8+ 63. Kg5 Qg7+ 64. Kf4 Qd4+ 65. Qe4 Qd2+
66. Ke5 Qg5+ 67. Kd4 Qd2+ 68. Kc4 Qc3+ 69. Kb5 Qg7 70. f4 Qd7+ 71. Kc5 Qa7+ 72.
Kd5 Qf7+ 73. Kd4 Qa7+ 74. Kd3 Qa6+ 75. Ke3 Qa3+ 76. Kf2 Qa7+ 77. Qe3 Qh7 78.
Qd4+ Kb3 79. Qd5+ Kc3 80. f5 Qh4+ 81. Ke3 Qg5+ 82. Ke4 Qg2+ 83. Ke5 Qg3+ 84.
Ke6 Qg8+ 85. Kd6 Qb8+ 86. Ke7 Qc7+ 87. Qd7 Qc5+ 88. Kf7 Qc4+ 89. Qe6 Qc7+ 90.
Kg6 Qg3+ 91. Kh7 Qh3+ 92. Kg7 Qg3+ 93. Qg6 Qc7+ 94. Kg8 Qd8+ 1/2-1/2

[Event "Madrid ch Sub-16 2021"]
[Site "Madrid ESP"]
[Date "2021.04.23"]
[Round "3.5"]
[White "Simonyan, Arturo"]
[Black "Karunanithi, Bharath"]
[Result "0-1"]
[WhiteElo "1894"]
[BlackElo "1751"]
[PlyCount "100"]
[EventDate "2021.04.17"]
[EventType "swiss"]
[EventRounds "5"]
[EventCountry "ESP"]
[SourceTitle "Ajedrez en Madrid"]
[Source "lmi"]
[SourceDate "2021.04.17"]
[SourceVersion "1"]
[SourceVersionDate "2021.04.29"]
[SourceQuality "1"]

1. e4 c5 2. Nf3 d6 3. d4 cxd4 4. Nxd4 Nf6 5. Nc3 a6 6. Be3 e5 7. Nb3 Be6 8. f3
Nbd7 9. Qd2 b5 10. g4 b4 11. Na4 a5 12. g5 Nh5 13. Bb5 Be7 14. Bc6 Rb8 15. Ba7
Bxg5 16. Qxd6 Bh4+ 17. Kd1 Rc8 18. Bb6 Qf6 19. Nd2 Bh3 20. Bxd7+ Bxd7 21. Qxf6
Nxf6 22. Nc5 Bh3 23. Nd3 a4 24. Nxe5 Nd7 25. Nxd7 Bxd7 26. Bd4 O-O 27. Rg1 g6
28. c3 bxc3 29. bxc3 Be6 30. e5 f5 31. f4 Rfd8 32. Ke2 Be7 33. Rgb1 Bc5 34. Nf3
Bd5 35. Rd1 Bxd4 36. cxd4 Rc2+ 37. Nd2 Bc4+ 38. Ke3 Rc3+ 39. Kf2 Rxd4 40. Nf3
Rxf4 41. Rd8+ Kf7 42. Rd7+ Ke6 43. Rd6+ Ke7 44. Rb1 Rcxf3+ 45. Kg2 Rf2+ 46. Kg3
R4f3+ 47. Kh4 g5+ 48. Kh5 Rxh2+ 49. Kxg5 Rg2+ 50. Kh4 Rg4+ 0-1

[Event "Madrid ch Sub-16 2021"]
[Site "Madrid ESP"]
[Date "2021.04.23"]
[Round "3.6"]
[White "Fernandez Estremera, Fernando"]
[Black "Suarez Hernan, Santiago"]
[Result "1-0"]
[WhiteElo "2005"]
[BlackElo "1427"]
[PlyCount "53"]
[EventDate "2021.04.17"]
[EventType "swiss"]
[EventRounds "5"]
[EventCountry "ESP"]
[SourceTitle "Ajedrez en Madrid"]
[Source "lmi"]
[SourceDate "2021.04.17"]
[SourceVersion "1"]
[SourceVersionDate "2021.04.29"]
[SourceQuality "1"]

1. d4 Nf6 2. Nc3 g6 3. e4 d6 4. f3 Bg7 5. Be3 a6 6. Qd2 Nc6 7. O-O-O e6 8. g4
h6 9. h4 d5 10. e5 Nd7 11. f4 h5 12. f5 hxg4 13. fxg6 Qe7 14. h5 fxg6 15. h6
Bf8 16. Qe2 g5 17. Qxg4 Bxh6 18. Kb1 Nd8 19. Bd3 Nf7 20. Bg6 Nf8 21. Bh5 Kd7
22. Nxd5 Qd8 23. Bxf7 c6 24. Rxh6 Rxh6 25. Bxg5 Qa5 26. Bxh6 Qxd5 27. Bxf8 1-0

[Event "Madrid ch Sub-16 2021"]
[Site "Madrid ESP"]
[Date "2021.04.23"]
[Round "3.7"]
[White "Rodriguez Avila, Alvaro"]
[Black "Lavayen Torres, Leonardo"]
[Result "1-0"]
[WhiteElo "1892"]
[BlackElo "1661"]
[PlyCount "35"]
[EventDate "2021.04.17"]
[EventType "swiss"]
[EventRounds "5"]
[EventCountry "ESP"]
[SourceTitle "Ajedrez en Madrid"]
[Source "lmi"]
[SourceDate "2021.04.17"]
[SourceVersion "1"]
[SourceVersionDate "2021.04.29"]
[SourceQuality "1"]

1. e4 c6 2. Nc3 d5 3. Nf3 Bg4 4. d4 Nf6 5. Bd3 dxe4 6. Nxe4 e6 7. h3 Bxf3 8.
Qxf3 Qxd4 9. O-O Qd8 10. Bf4 Nxe4 11. Bxe4 Bc5 12. Rad1 Qb6 13. Qg3 O-O 14. Be5
f6 15. Qh4 fxe5 16. Qxh7+ Kf7 17. Bg6+ Kf6 18. Bh5 1-0

[Event "Madrid ch Sub-16 2021"]
[Site "Madrid ESP"]
[Date "2021.04.23"]
[Round "3.8"]
[White "Moya Barba, Diego"]
[Black "Carretero Badorrey, Alejandro"]
[Result "1-0"]
[WhiteElo "1380"]
[BlackElo "1225"]
[PlyCount "91"]
[EventDate "2021.04.17"]
[EventType "swiss"]
[EventRounds "5"]
[EventCountry "ESP"]
[SourceTitle "Ajedrez en Madrid"]
[Source "lmi"]
[SourceDate "2021.04.17"]
[SourceVersion "1"]
[SourceVersionDate "2021.04.29"]
[SourceQuality "1"]

1. c4 e6 2. g3 Nf6 3. Bg2 d5 4. cxd5 exd5 5. e3 c6 6. Ne2 Bd6 7. O-O O-O 8. d4
Bg4 9. Nbc3 Qd7 10. e4 dxe4 11. Nxe4 Nxe4 12. Bxe4 Re8 13. Qd3 g6 14. Bf4 Bxe2
15. Qxe2 Bxf4 16. gxf4 Qxd4 17. Rfe1 Nd7 18. Rad1 Qb4 19. Rxd7 Rad8 20. Rxd8
Rxd8 21. a3 Qa4 22. Qc2 Qa5 23. Qc3 Qh5 24. Bf3 Qf5 25. Qe5 Qd7 26. Qf6 Re8 27.
Rd1 Qc8 28. Kg2 c5 29. h3 b6 30. Bg4 Qb7+ 31. Kg3 Qa6 32. Rd7 Qc4 33. Rxa7 Rf8
34. Qxb6 Qf1 35. Bf3 h5 36. Qf6 Qc4 37. Ra8 Rxa8 38. Bxa8 Qa4 39. Bd5 h4+ 40.
Kxh4 Qd7 41. Qxg6+ Kf8 42. Qxf7+ Qxf7 43. Bxf7 Kxf7 44. Kg5 c4 45. f5 Kg7 46.
a4 1-0

[Event "Madrid ch Sub-16 2021"]
[Site "Madrid ESP"]
[Date "2021.04.24"]
[Round "4.1"]
[White "Zhou, Lulu"]
[Black "Reyes Peñas, Sebastian"]
[Result "0-1"]
[WhiteElo "2042"]
[BlackElo "2211"]
[PlyCount "120"]
[EventDate "2021.04.17"]
[EventType "swiss"]
[EventRounds "5"]
[EventCountry "ESP"]
[SourceTitle "Ajedrez en Madrid"]
[Source "lmi"]
[SourceDate "2021.04.17"]
[SourceVersion "1"]
[SourceVersionDate "2021.04.29"]
[SourceQuality "1"]

1. e4 c5 2. Nf3 e6 3. d4 cxd4 4. Nxd4 a6 5. Bd3 Bc5 6. Nb3 Be7 7. O-O d6 8. f4
Nd7 9. Qe2 Qc7 10. Kh1 Ngf6 11. Bd2 O-O 12. Nc3 b5 13. Rae1 b4 14. Nd1 a5 15.
e5 Nd5 16. c4 bxc3 17. Nxc3 Bb7 18. Nb5 Qb6 19. Nxd6 Bxd6 20. exd6 a4 21. Na1
Qxd6 22. Nc2 Nc5 23. Bc4 Rac8 24. Rd1 Qb6 25. Bc1 f5 26. Ne3 Ne4 27. Nxd5 exd5
28. Bd3 d4 29. Bc4+ Kh8 30. Qd3 Qc6 31. b3 Rf6 32. Rf3 axb3 33. axb3 Rd8 34.
Be3 Nc5 35. Qd2 Rg6 36. Rdf1 Qf6 37. Bg1 Bxf3 38. Rxf3 Ne4 39. Qd3 Qh4 40. g3
Qh5 41. Kg2 Rgd6 42. Bf2 Qe8 43. Bg1 Qc6 44. h4 Qb7 45. Kh3 Qb4 46. Qd1 Nd2 47.
Rd3 Nxc4 48. bxc4 Qxc4 49. Qd2 Qd5 50. Kh2 Qe4 51. Bf2 Qc6 52. Qb2 Qc4 53. Qd2
h6 54. Qd1 Kh7 55. Qd2 Ra8 56. Rxd4 Rxd4 57. Qxd4 Qxd4 58. Bxd4 Ra2+ 59. Kh3 h5
60. Be5 g6 0-1

[Event "Madrid ch Sub-16 2021"]
[Site "Madrid ESP"]
[Date "2021.04.24"]
[Round "4.2"]
[White "Serrano Ruiz, Lope"]
[Black "Ruiz Buendia, Miguel"]
[Result "0-1"]
[WhiteElo "2004"]
[BlackElo "2068"]
[PlyCount "114"]
[EventDate "2021.04.17"]
[EventType "swiss"]
[EventRounds "5"]
[EventCountry "ESP"]
[SourceTitle "Ajedrez en Madrid"]
[Source "lmi"]
[SourceDate "2021.04.17"]
[SourceVersion "1"]
[SourceVersionDate "2021.04.29"]
[SourceQuality "1"]

1. e4 c5 2. b4 cxb4 3. a3 d5 4. exd5 Qxd5 5. Nf3 e6 6. Bb2 Nf6 7. Bd3 Nc6 8.
O-O Be7 9. Re1 O-O 10. axb4 Nxb4 11. Nc3 Qd8 12. Bf1 Bd7 13. Ne5 Qc7 14. Nd3
Rfd8 15. Nxb4 Bxb4 16. Ne4 Nxe4 17. Rxe4 Bf8 18. Rh4 Be7 19. Rc4 Bc6 20. Qg4 g6
21. Qh3 Rd5 22. Qc3 e5 23. Re1 Bf6 24. Rce4 Rad8 25. Bc4 Rd4 26. Qf3 Rxe4 27.
Rxe4 Bg7 28. d3 Bxe4 29. Qxe4 Qb6 30. Bb3 Qc6 31. Qb4 b5 32. Qe7 Rf8 33. Qxa7
Qd6 34. Qb7 b4 35. g3 Kh8 36. Kg2 f6 37. h4 Bh6 38. Qe4 Bd2 39. d4 Bc3 40. Bxc3
bxc3 41. dxe5 fxe5 42. Qe3 Qd4 43. Qxd4 exd4 44. Bc4 Re8 45. Kf3 Re1 46. Be2
Kg7 47. g4 Kf6 48. Bd3 Ke5 49. g5 Rb1 50. Kg3 Rd1 51. Bb5 d3 52. f4+ Kd6 53.
Ba4 d2 54. h5 Rg1+ 55. Kf2 d1=Q 56. hxg6 Qe1+ 57. Kf3 Rg3# 0-1

[Event "Madrid ch Sub-16 2021"]
[Site "Madrid ESP"]
[Date "2021.04.24"]
[Round "4.3"]
[White "Karunanithi, Bharath"]
[Black "Martin Ramos, Hector"]
[Result "1-0"]
[WhiteElo "1751"]
[BlackElo "1653"]
[PlyCount "146"]
[EventDate "2021.04.17"]
[EventType "swiss"]
[EventRounds "5"]
[EventCountry "ESP"]
[SourceTitle "Ajedrez en Madrid"]
[Source "lmi"]
[SourceDate "2021.04.17"]
[SourceVersion "1"]
[SourceVersionDate "2021.04.29"]
[SourceQuality "1"]

1. e4 e6 2. d4 d5 3. Bd3 dxe4 4. Bxe4 Nf6 5. Bf3 Nbd7 6. Ne2 Bd6 7. Nbc3 O-O 8.
O-O e5 9. d5 Re8 10. Ng3 Nc5 11. Bg5 h6 12. Bxf6 Qxf6 13. b4 Nd7 14. Nce4 Qd8
15. Nxd6 cxd6 16. Ne4 Nf6 17. Qd3 Nxe4 18. Bxe4 Qg5 19. f4 exf4 20. Rae1 Re5
21. c4 Bg4 22. Bf3 Rae8 23. Rxe5 dxe5 24. Bxg4 Qxg4 25. d6 Qe6 26. Re1 f5 27.
c5 Rd8 28. b5 b6 29. c6 Rxd6 30. Qb3 Qxb3 31. axb3 Rd8 32. Rxe5 Kf7 33. Rxf5+
Ke7 34. Rxf4 Rd5 35. Ra4 Rxb5 36. Rxa7+ Kf6 37. c7 Rc5 38. Rb7 b5 39. b4 Rc2
40. h3 g5 41. Rxb5 Rxc7 42. Rb6+ Kg7 43. b5 Rc2 44. Rb8 Rb2 45. b6 Kg6 46. b7
Kh5 47. g3 Rb3 48. Kg2 Rb2+ 49. Kf3 Rb3+ 50. Ke4 Rb4+ 51. Kf5 Rb5+ 52. Kf6 Rb6+
53. Kg7 Rg6+ 54. Kh8 Rb6 55. Kh7 Rb5 56. Kg7 Rb6 57. Kh7 Rb5 58. g4+ Kh4 59.
Kxh6 Kg3 60. Kg7 Kg2 61. Kf7 Kg3 62. Ke7 Kf2 63. Kf7 Kg2 64. h4 gxh4 65. g5 Rb3
66. g6 Rf3+ 67. Kg7 Rb3 68. Kh8 Rb6 69. g7 Rh6+ 70. Kg8 h3 71. Rc8 h2 72. Rc2+
Kg1 73. b8=Q Rh8+ 1-0

[Event "Madrid ch Sub-16 2021"]
[Site "Madrid ESP"]
[Date "2021.04.24"]
[Round "4.4"]
[White "Tenorio Garcia, Joel"]
[Black "Fernandez Estremera, Fernando"]
[Result "0-1"]
[WhiteElo "1913"]
[BlackElo "2005"]
[PlyCount "202"]
[EventDate "2021.04.17"]
[EventType "swiss"]
[EventRounds "5"]
[EventCountry "ESP"]
[SourceTitle "Ajedrez en Madrid"]
[Source "lmi"]
[SourceDate "2021.04.17"]
[SourceVersion "1"]
[SourceVersionDate "2021.04.29"]
[SourceQuality "1"]

1. e4 c5 2. Nf3 e6 3. d4 cxd4 4. Nxd4 Nf6 5. Bd3 Nc6 6. Nxc6 bxc6 7. Nc3 d5 8.
O-O Be7 9. Qe2 O-O 10. b3 Re8 11. Bb2 e5 12. Rad1 a6 13. exd5 cxd5 14. Nxd5
Nxd5 15. Bc4 Be6 16. Bxd5 Bxd5 17. c4 Bxc4 18. Qxc4 Qa5 19. Rd7 h6 20. Bc3 Qb5
21. Qxb5 axb5 22. Rb7 Rxa2 23. Rxb5 f6 24. g3 Rc8 25. Bb4 Bxb4 26. Rxb4 Rcc2
27. Rb7 Rab2 28. Re7 Kh7 29. g4 Kg6 30. h4 h5 31. gxh5+ Kh6 32. Kg2 Rd2 33. Kg3
Rxb3+ 34. f3 Rdb2 35. Rd1 Rb8 36. Rd6 R2b5 37. Rdd7 Rg8 38. Kg4 Rb4+ 39. Kg3
Rf4 40. Rc7 Rf5 41. Kg4 Rf4+ 42. Kg3 Ra4 43. Rcd7 Ra1 44. Kg2 Rb8 45. Rd2 Rab1
46. Kh2 R1b7 47. Rdd7 Rxd7 48. Rxd7 Rg8 49. Kh3 Kxh5 50. Kg3 Kg6 51. Kg4 Ra8
52. Kg3 Ra2 53. Rb7 Rc2 54. Ra7 Rc3 55. Kf2 Rc1 56. Rb7 Rh1 57. Kg3 Kh6 58. Rc7
Rg1+ 59. Kf2 Rg6 60. Rc8 Kh5 61. Rh8+ Rh6 62. Rg8 Kg6 63. Kg3 Kf7 64. Rb8 Rg6+
65. Kf2 Ke6 66. Rb6+ Kd5 67. Rb7 f5 68. Rd7+ Ke6 69. Rd1 f4 70. Re1 Kf5 71. Rb1
Rh6 72. Rg1 Rg6 73. Rb1 Ra6 74. Re1 Ra2+ 75. Kg1 Ra8 76. Kf2 Kf6 77. Kg2 Rh8
78. Rh1 Kf5 79. Kf2 g5 80. h5 Rh6 81. Ke2 e4 82. fxe4+ Kxe4 83. Kf2 g4 84. Ra1
Rxh5 85. Ra4+ Kf5 86. Ra5+ Kg6 87. Ra6+ Kg5 88. Ra5+ Kh4 89. Ra4 Rf5 90. Ra8 f3
91. Rh8+ Kg5 92. Rg8+ Kf4 93. Rg7 Rf8 94. Rg6 Ra8 95. Rf6+ Kg5 96. Rf7 Ra2+ 97.
Kg1 Kh4 98. Rc7 Kg3 99. Rc1 Rg2+ 100. Kh1 Rh2+ 101. Kg1 f2+ 0-1

[Event "Madrid ch Sub-16 2021"]
[Site "Madrid ESP"]
[Date "2021.04.24"]
[Round "4.5"]
[White "Rodriguez Avila, Alvaro"]
[Black "Neagu, Roberto Florin"]
[Result "1-0"]
[WhiteElo "1892"]
[BlackElo "1965"]
[PlyCount "63"]
[EventDate "2021.04.17"]
[EventType "swiss"]
[EventRounds "5"]
[EventCountry "ESP"]
[SourceTitle "Ajedrez en Madrid"]
[Source "lmi"]
[SourceDate "2021.04.17"]
[SourceVersion "1"]
[SourceVersionDate "2021.04.29"]
[SourceQuality "1"]

1. e4 c5 2. Nf3 Nc6 3. Bb5 Qb6 4. Nc3 a6 5. Bxc6 Qxc6 6. O-O e6 7. d4 cxd4 8.
Nxd4 Qc7 9. Re1 Bc5 10. Bg5 Ne7 11. Nb3 Bb4 12. Qd4 Bxc3 13. bxc3 f6 14. Bh4
O-O 15. Rad1 d5 16. Bg3 e5 17. exd5 exd4 18. Bxc7 Nxd5 19. Bd6 Rd8 20. c4 Rxd6
21. cxd5 Rxd5 22. Re8+ Kf7 23. Rde1 Rd7 24. Rh8 Re7 25. Rxe7+ Kxe7 26. Nxd4 b5
27. Nf5+ Ke6 28. Nxg7+ Kf7 29. Nf5 Ke6 30. g4 Bb7 31. Rxh7 Bf3 32. Nd4+ 1-0

[Event "Madrid ch Sub-16 2021"]
[Site "Madrid ESP"]
[Date "2021.04.24"]
[Round "4.6"]
[White "Simonyan, Arturo"]
[Black "Ferrando Marti, Roberto"]
[Result "1-0"]
[WhiteElo "1894"]
[BlackElo "1576"]
[PlyCount "132"]
[EventDate "2021.04.17"]
[EventType "swiss"]
[EventRounds "5"]
[EventCountry "ESP"]
[SourceTitle "Ajedrez en Madrid"]
[Source "lmi"]
[SourceDate "2021.04.17"]
[SourceVersion "1"]
[SourceVersionDate "2021.04.29"]
[SourceQuality "1"]

1. e4 g6 2. d4 d6 3. Nf3 Bg7 4. c3 Nf6 5. Bd3 Bg4 6. h3 Bxf3 7. Qxf3 e5 8. Bg5
Nbd7 9. Nd2 a5 10. O-O O-O 11. Qe3 Re8 12. f4 Qb8 13. f5 Qa7 14. fxg6 fxg6 15.
Bc4+ Kh8 16. Bh6 exd4 17. Bxg7+ Kxg7 18. cxd4 d5 19. e5 dxc4 20. exf6+ Nxf6 21.
Qf4 Qb6 22. Nxc4 Qe6 23. Qxc7+ Re7 24. Qb6 Qxb6 25. Nxb6 Rd8 26. Rfd1 Re4 27.
Rac1 Ne8 28. d5 Nd6 29. a3 Re2 30. Na4 Nf5 31. Nc5 Kh6 32. Ne6 Rd6 33. g4 Ng3
34. Re1 Rxb2 35. Rc7 Rxd5 36. g5+ Rxg5 37. Nxg5 Kxg5 38. Re5+ Kf4 39. Rxa5 b5
40. Ra8 b4 41. Rc4+ Kf3 42. Rf8+ Nf5 43. Rxb4 Ra2 44. Rb3+ Kf4 45. Rfb8 Ra1+
46. Kf2 Ra2+ 47. Ke1 Kg5 48. Kd1 h5 49. Kc1 Nd4 50. Kb1 Rh2 51. Rd3 Ne2 52. a4
Kh4 53. Rb4+ Kg5 54. a5 Nf4 55. Rg3+ Kf5 56. a6 Rh1+ 57. Ka2 Rh2+ 58. Rb2 h4
59. Rf3 Rxb2+ 60. Kxb2 Ke4 61. Rxf4+ Kxf4 62. a7 Kg3 63. a8=Q Kxh3 64. Qf3+ Kh2
65. Qf2+ Kh3 66. Qg1 g5 1-0

[Event "Madrid ch Sub-16 2021"]
[Site "Madrid ESP"]
[Date "2021.04.24"]
[Round "4.7"]
[White "Suarez Hernan, Santiago"]
[Black "Moya Barba, Diego"]
[Result "1/2-1/2"]
[WhiteElo "1427"]
[BlackElo "1380"]
[PlyCount "56"]
[EventDate "2021.04.17"]
[EventType "swiss"]
[EventRounds "5"]
[EventCountry "ESP"]
[SourceTitle "Ajedrez en Madrid"]
[Source "lmi"]
[SourceDate "2021.04.17"]
[SourceVersion "1"]
[SourceVersionDate "2021.04.29"]
[SourceQuality "1"]

1. d4 d5 2. Bf4 Nf6 3. e3 g6 4. Bd3 Bg7 5. h3 O-O 6. Nf3 Ne4 7. Nbd2 Nxd2 8.
Qxd2 h6 9. Be5 Nd7 10. Bxg7 Kxg7 11. Qe2 c5 12. c3 b6 13. g4 Bb7 14. h4 Re8 15.
h5 g5 16. Bc2 e5 17. dxe5 Nxe5 18. Nxe5 Rxe5 19. Qd3 Re4 20. f3 c4 21. Qd2 Re7
22. Qd4+ Kg8 23. O-O-O Qc7 24. f4 gxf4 25. exf4 Qc5 26. Qxc5 bxc5 27. Rhg1 Rd8
28. g5 Kg7 1/2-1/2

[Event "Madrid ch Sub-16 2021"]
[Site "Madrid ESP"]
[Date "2021.04.24"]
[Round "4.8"]
[White "Lavayen Torres, Leonardo"]
[Black "Carretero Badorrey, Alejandro"]
[Result "1-0"]
[WhiteElo "1661"]
[BlackElo "1225"]
[PlyCount "59"]
[EventDate "2021.04.17"]
[EventType "swiss"]
[EventRounds "5"]
[EventCountry "ESP"]
[SourceTitle "Ajedrez en Madrid"]
[Source "lmi"]
[SourceDate "2021.04.17"]
[SourceVersion "1"]
[SourceVersionDate "2021.04.29"]
[SourceQuality "1"]

1. e4 e5 2. Nc3 Bc5 3. f4 Nc6 4. Nf3 d6 5. Bb5 Bd7 6. Bxc6 Bxc6 7. d4 exd4 8.
Nxd4 Nf6 9. Nxc6 bxc6 10. Qf3 Qd7 11. Na4 Bb6 12. Nxb6 cxb6 13. O-O O-O 14. c4
Rfe8 15. Re1 Qc7 16. Bd2 h6 17. Bc3 Nd7 18. Rad1 Rad8 19. Qg4 f6 20. Rd3 Nc5
21. Rde3 Na4 22. Bxf6 Rd7 23. e5 dxe5 24. Rxe5 Rxe5 25. Rxe5 Qc8 26. Re7 Qf8
27. Qe6+ Kh7 28. Re8 Rd1+ 29. Kf2 Rd2+ 30. Ke1 1-0

[Event "Madrid ch Sub-16 2021"]
[Site "Madrid ESP"]
[Date "2021.04.25"]
[Round "5.1"]
[White "Ruiz Buendia, Miguel"]
[Black "Reyes Peñas, Sebastian"]
[Result "1-0"]
[WhiteElo "2068"]
[BlackElo "2211"]
[PlyCount "71"]
[EventDate "2021.04.17"]
[EventType "swiss"]
[EventRounds "5"]
[EventCountry "ESP"]
[SourceTitle "Ajedrez en Madrid"]
[Source "lmi"]
[SourceDate "2021.04.17"]
[SourceVersion "1"]
[SourceVersionDate "2021.04.29"]
[SourceQuality "1"]

1. e4 c5 2. Nf3 e6 3. d4 cxd4 4. Nxd4 a6 5. Bd3 Bc5 6. Nb3 Be7 7. Qg4 g6 8. Qe2
d6 9. a4 b6 10. a5 b5 11. Be3 Nd7 12. N1d2 Ngf6 13. c4 bxc4 14. Nxc4 Bb7 15.
Nb6 Nxb6 16. axb6 Bxe4 17. Bxe4 Nxe4 18. Bd4 Nf6 19. b7 Rb8 20. Qxa6 Qd7 21.
Na5 O-O 22. Ba7 Bd8 23. Bxb8 Bxa5+ 24. Rxa5 Rxb8 25. Rb5 Ne4 26. O-O Nc5 27.
Qa8 Qxb5 28. Qxb8+ Kg7 29. Qxd6 Nxb7 30. Qd2 Nc5 31. Qd4+ f6 32. Rc1 Na6 33. b4
g5 34. Qc4 Qxc4 35. Rxc4 Nb8 36. Rc8 1-0

[Event "Madrid ch Sub-16 2021"]
[Site "Madrid ESP"]
[Date "2021.04.25"]
[Round "5.2"]
[White "Zhou, Lulu"]
[Black "Karunanithi, Bharath"]
[Result "1-0"]
[WhiteElo "2042"]
[BlackElo "1751"]
[PlyCount "137"]
[EventDate "2021.04.17"]
[EventType "swiss"]
[EventRounds "5"]
[EventCountry "ESP"]
[SourceTitle "Ajedrez en Madrid"]
[Source "lmi"]
[SourceDate "2021.04.17"]
[SourceVersion "1"]
[SourceVersionDate "2021.04.29"]
[SourceQuality "1"]

1. e4 c5 2. Nf3 d6 3. d4 cxd4 4. Nxd4 Nf6 5. Nc3 a6 6. Be3 e5 7. Nb3 Be6 8. f3
Nbd7 9. g4 b5 10. a4 b4 11. Nd5 Bxd5 12. exd5 Nb6 13. Bg1 h6 14. f4 exf4 15.
Qf3 Be7 16. O-O-O Qc7 17. h4 Rc8 18. Rh2 Nc4 19. Qxf4 Nd7 20. Bd4 Nde5 21. Bxc4
Qxc4 22. Bxe5 dxe5 23. Qxe5 O-O 24. Qxe7 Qxb3 25. Kb1 Qxa4 26. b3 Qa3 27. g5
Rfe8 28. Qd7 Red8 29. Qg4 h5 30. Qxh5 Rc5 31. g6 fxg6 32. Qg5 Rd7 33. Qe5 Ra5
34. Rhd2 Qa2+ 35. Kc1 Qa3+ 36. Qb2 Qxb2+ 37. Kxb2 Rc5 38. Rd4 a5 39. d6 Rc6 40.
Rd5 Kf7 41. Rxa5 Rcxd6 42. Rxd6 Rxd6 43. Rc5 Kf6 44. Rc4 Rb6 45. Rg4 Kf5 46.
Rg5+ Kf6 47. c3 Re6 48. cxb4 Re4 49. Ka3 Rxh4 50. Rg1 g5 51. b5 Kf5 52. b4 g4
53. Ka4 g5 54. b6 Kf4 55. b7 Rh8 56. Ka5 Kf3 57. Rc1 Rb8 58. Kb6 g3 59. Ka7 Rd8
60. b8=Q Rxb8 61. Kxb8 g2 62. b5 g4 63. b6 Kf2 64. b7 g1=Q 65. Rxg1 Kxg1 66.
Kc7 g3 67. b8=Q g2 68. Kc6 Kh1 69. Qh8+ 1-0

[Event "Madrid ch Sub-16 2021"]
[Site "Madrid ESP"]
[Date "2021.04.25"]
[Round "5.3"]
[White "Fernandez Estremera, Fernando"]
[Black "Rodriguez Avila, Alvaro"]
[Result "1-0"]
[WhiteElo "2005"]
[BlackElo "1892"]
[PlyCount "139"]
[EventDate "2021.04.17"]
[EventType "swiss"]
[EventRounds "5"]
[EventCountry "ESP"]
[SourceTitle "Ajedrez en Madrid"]
[Source "lmi"]
[SourceDate "2021.04.17"]
[SourceVersion "1"]
[SourceVersionDate "2021.04.29"]
[SourceQuality "1"]

1. d4 Nf6 2. Nc3 d5 3. Bf4 a6 4. e3 e6 5. g4 Bb4 6. Nge2 Ne4 7. Bg2 Nxc3 8.
bxc3 Be7 9. h3 Nd7 10. c4 dxc4 11. a4 Nb6 12. c3 O-O 13. Qc2 Nd5 14. Qa2 Bd7
15. Qxc4 Bc6 16. e4 Nxf4 17. Nxf4 Bd6 18. Nd3 Qg5 19. O-O h5 20. e5 Bd5 21.
Bxd5 exd5 22. Qxd5 hxg4 23. Qg2 Qf5 24. Qg3 Be7 25. hxg4 Qe4 26. Rfe1 Qc6 27.
Rec1 b5 28. axb5 axb5 29. Qg2 Qxg2+ 30. Kxg2 g5 31. Rcb1 c6 32. f3 Kg7 33. Nf2
f6 34. exf6+ Bxf6 35. Ne4 Be7 36. Ng3 Bf6 37. Re1 Kf7 38. Nf5 Rxa1 39. Rxa1 c5
40. Nd6+ Ke6 41. Nxb5 cxd4 42. Nxd4+ Kd5 43. Ne2 Kc4 44. Ra5 Re8 45. Kf2 Bd8
46. Ra6 Be7 47. Ra4+ Kb5 48. Re4 Kc6 49. Nd4+ Kd7 50. Ke2 Rh8 51. Kd3 Bf6 52.
Re2 Rc8 53. Ra2 Bh8 54. Ra7+ Kd6 55. Ra6+ Ke5 56. Ra5+ Kf4 57. Rf5+ Kg3 58.
Rxg5 Bxd4 59. Kxd4 Kxf3 60. c4 Kf4 61. Rg7 Rd8+ 62. Kc5 Rc8+ 63. Kd5 Rd8+ 64.
Kc6 Ke5 65. c5 Rc8+ 66. Kd7 Ra8 67. c6 Kf6 68. Rh7 Kg6 69. Rh1 Ra4 70. Rd1 1-0

[Event "Madrid ch Sub-16 2021"]
[Site "Madrid ESP"]
[Date "2021.04.25"]
[Round "5.4"]
[White "Martin Ramos, Hector"]
[Black "Serrano Ruiz, Lope"]
[Result "1-0"]
[WhiteElo "1653"]
[BlackElo "2004"]
[PlyCount "115"]
[EventDate "2021.04.17"]
[EventType "swiss"]
[EventRounds "5"]
[EventCountry "ESP"]
[SourceTitle "Ajedrez en Madrid"]
[Source "lmi"]
[SourceDate "2021.04.17"]
[SourceVersion "1"]
[SourceVersionDate "2021.04.29"]
[SourceQuality "1"]

1. e4 e5 2. Nf3 Nc6 3. d4 exd4 4. Nxd4 Bc5 5. Be3 Qf6 6. c3 Qg6 7. Qf3 Nxd4 8.
cxd4 Bb4+ 9. Bd2 Bxd2+ 10. Nxd2 Ne7 11. Bd3 Qb6 12. Nb3 Qb4+ 13. Ke2 a5 14.
Rac1 a4 15. Rc4 Qb6 16. Nd2 Qxb2 17. Rb1 Qxa2 18. d5 Qa3 19. e5 d6 20. e6 fxe6
21. Bg6+ hxg6 22. Qxa3 Nxd5 23. Qg3 Kf7 24. Qf3+ Ke7 25. Qd3 Rh6 26. Qc2 b5 27.
Rxc7+ Bd7 28. Rxb5 Rc8 29. Rxc8 Bxb5+ 30. Kf3 g5 31. Rb8 Rf6+ 32. Kg3 Bd7 33.
Ne4 Rf4 34. Nxg5 Kf6 35. Rf8+ Kxg5 36. Rxf4 Nxf4 37. h4+ Kf6 38. Kxf4 e5+ 39.
Kg3 g6 40. f4 d5 41. fxe5+ Kxe5 42. Qxg6 Be6 43. h5 a3 44. Qg7+ Ke4 45. Qe7 Kf5
46. Qxa3 d4 47. Qd3+ Ke5 48. Kf3 Bf5 49. Qxf5+ Kxf5 50. g4+ Kg5 51. Ke4 Kh6 52.
Kxd4 Kg5 53. Ke5 Kh6 54. Kf6 Kh7 55. g5 Kg8 56. g6 Kh8 57. g7+ Kg8 58. h6 1-0

[Event "Madrid ch Sub-16 2021"]
[Site "Madrid ESP"]
[Date "2021.04.25"]
[Round "5.5"]
[White "Moya Barba, Diego"]
[Black "Simonyan, Arturo"]
[Result "0-1"]
[WhiteElo "1380"]
[BlackElo "1894"]
[PlyCount "86"]
[EventDate "2021.04.17"]
[EventType "swiss"]
[EventRounds "5"]
[EventCountry "ESP"]
[SourceTitle "Ajedrez en Madrid"]
[Source "lmi"]
[SourceDate "2021.04.17"]
[SourceVersion "1"]
[SourceVersionDate "2021.04.29"]
[SourceQuality "1"]

1. c4 c5 2. g3 Nc6 3. Bg2 g6 4. e3 e5 5. Ne2 Bg7 6. Nbc3 Nge7 7. d3 d6 8. O-O
O-O 9. Rb1 f5 10. a3 a5 11. Nd5 a4 12. b3 g5 13. bxa4 Ng6 14. f4 exf4 15. gxf4
g4 16. Nb6 Ra6 17. Nxc8 Qxc8 18. Bb2 Re8 19. Bxg7 Kxg7 20. Ng3 Nh4 21. Rxb7+
Qxb7 22. Nxf5+ Nxf5 23. Qxg4+ Kf8 24. Qxf5+ Qf7 25. Qg4 Ne7 26. Rf3 d5 27. Rh3
Rg6 28. Qh5 Qg7 29. Qf3 Rb8 30. Rg3 Rxg3 31. hxg3 Rb1+ 32. Kf2 Qb2+ 33. Qe2
Qxe2+ 34. Kxe2 dxc4 35. dxc4 Ra1 36. g4 Rxa3 37. g5 Rxa4 38. Kd3 Nf5 39. Be4
Ra3+ 40. Kd2 Nxe3 41. Bxh7 Nxc4+ 42. Kc1 Nd6 43. Bc2 Rf3 0-1